000 00292nam a2200121Ia 4500
082 _a610.72
_bS09D
100 _aDALAL,AJIT K
245 _aSOCIAL DIMENTIONS OF HEALTH
250 _a1ST
260 _bRAWAT PUB.
_aJAIPUR
_c2009
650 _aOTHER CLINICAL & NON CLINICAL BOOKS
942 _2ddc
_cBK
999 _c1107
_d1107